000 00770nam a2200181Ia 4500
008 100921s9999 xx 000 0 und d
082 _b6200
_a796 थ 73
100 _aदीक्षति विजय शिवशंकर.
245 _aवास्तु कला काल आज आणि उद्या.
260 _bरेणूका प्रकाशन, नासिक.
_c1973
300 _a226
_b---
365 _b20
520 _aकला-वास्तुशिल्पकला.
630 _aवास्तु कला काल आज आणि उद्या.
650 _aकला-वास्तुशिल्पकला.
730 _aवास्तु कला काल आज आणि उद्या.
942 _cBOOK
999 _c755313
_d755310